| 000 | 00565nam a2200193 a 4500 | ||
|---|---|---|---|
| 001 | 000013387 | ||
| 005 | 20200929163220.0 | ||
| 008 | 091123s1993 sp 001 0 spa d | ||
| 020 | _a8478201610 | ||
| 040 |
_aDO-SdBNP _bspa _cBNPHU |
||
| 082 | _aG643p | ||
| 100 | 1 |
_aGonzález Marín, Carmen, _930632 |
|
| 245 | 1 | 0 |
_aPasiones del alma / _cCarmen González Marín. |
| 260 |
_aZaragoza, (España) : _bInstitución Fernando el Católico, _c1993. |
||
| 300 |
_a46, [2] p. ; _c25 cm. |
||
| 490 | 1 |
_aSan Jorge _v67 |
|
| 830 | 0 |
_aSan Jorge ; _v67 _914367 |
|
| 049 | _aBNGR | ||
| 999 |
_c13013 _d13013 |
||